000 00800nam a2200277Ia 4500
001 Para_3787
003 CHAP
008 220125s1948 xx 000 0 und d
010 _a202308
040 _cCHAP
090 _aPA FOLLETO 1007
100 _aJoslyn, M. A
_9167420
245 _aCommercial freezing of fruit products /
_c M. A. Joslyn and Leonora A. Hohl
260 _aBerkeley, Cal. :
_b Agricultural Experiment Station
300 _a108 p.
440 _aCalifornia Agri. Exp. Sta. Bulletin; 703
_9167421
650 _aFrutas congeladas
_943675
700 _aHohl, Leonora A.
_955838
901 _aPA FOLLETO 1007
902 _aA
905 _a0000001948 BER 0000000000 00
910 _a1948
942 _cPARA
942 _cPARA
_d1
999 _c202308
_d202308